| 000 | 01177cam a22003011a 4500 | ||
|---|---|---|---|
| 001 | sa 68017123 | ||
| 003 | DLC | ||
| 005 | 20260227112700.0 | ||
| 008 | 810415s1965 io a b 000 0 ind | ||
| 010 | _asa 68017123 | ||
| 035 | _a(OCoLC)7337371 | ||
| 040 |
_aDLC _cOAU _dDLC |
||
| 041 | 0 | _aindeng | |
| 042 | _apremarc | ||
| 050 | 0 | 0 |
_aQR201.T6 _bT46 |
| 100 | 1 | _aThe, Kie Seng. | |
| 245 | 1 | 0 |
_aPenilaian pertjobaan nikotinamida untuk mendiferensiasikan antara kuman tuberkulosis djenis human dan mycobacterium djenis lain-lain = _bEvaluation of the nicotinamide test for the differentiation of human tubercle bacilli from other types of mycobacteria / _coleh The Kie Seng. |
| 260 |
_a[Djakarta : _bThe Kie Seng ; _c1965.] |
||
| 300 |
_a153 p. : _bill. ; _c27 cm. |
||
| 500 | _aThesis - Universitas Indonesia. | ||
| 500 | _aIn Indonesian with summary in English. | ||
| 504 | _aBibliography: p. 134-153. | ||
| 650 | 0 | _aTuberculosis. | |
| 650 | 0 | _aNicotinamide. | |
| 650 | 0 |
_aBacteriology _xTechnique. |
|
| 650 | 0 | _aMycobacterium. | |
| 740 | 0 | _aEvaluation of the nicotinamide test for the differentiation of human tubercle baccilli from other types of mycobacterium. | |
| 999 |
_c87527 _d87527 |
||